02623cam a22003138i 450000100090000000300040000900500170001300800410003001000170007102000180008804000230010604200080012905000220013708200150015910000400017424500520021425000160026626300090028226400360029130000150032733600260034233700280036833800270039650000550042352016810047865000160215970000310217577601030220621045625OSt20250610121254.0190628s2020 nju 000 0 eng  a 2019020717 a9789356064911 aDLCbengerdacDLC apcc00aHD31b.R5647 202000a658bROB/M aRobbins, Stephen P d1943-eauthor.10aManagement /cStephen P. Robbins, Mary Coulter. a15 Edition. a1111 1aHoboken, NJ :bPearson,c[2020] a658 pages  atextbtxt2rdacontent aunmediatedbn2rdamedia avolumebnc2rdacarrier aRevised edition of the authors' Management, [2018] a"This course and this book are about management and managers. Managers are one thing that all organizations--no matter the size, kind, or location--need. And there's no doubt that the world managers face has changed, is changing, and will continue to change. The dynamic nature of today's organizations means both rewards and challenges for the individuals who will be managing those organizations. Management is a dynamic subject, and a textbook on it should reflect those changes to help prepare you to manage under the current conditions. We've written this 14th edition of Management to provide you with the best possible understanding of what it means to be a manager confronting change and to best prepare you for that reality. But not every student aspires to a career in management. And even if you do, you may be five or ten years away from reaching a managerial position. So you might rightly feel that taking a course in management now may be getting ahead of the game. We hear you. In response to these concerns, we've added new material to this book that is important and relevant to everyone working in an organization--manager and non-manager alike. Our "Workplace Confidential" pages identify, analyze, and offer suggestions for dealing with the major challenges that surveys indicate frustrate employees the most. You should find these pages valuable for helping you survive and thrive in your workplace. Surprisingly, this topic has rarely been addressed in business programs. Inclusion in an introductory management course appeared to us to be a logical place to introduce these challenges and to provide guidance in handling them"--cProvided by publisher. 0aManagement.1 aCoulter, Mary K.,eauthor.08iOnline version:aCoulter, Mary,tManagementb15.dHoboken : 2020.z9780135581872w(DLC) 2019980991